The legacy of lynching? An empirical replication and conceptual extension

Saved in:  
Bibliographic Details
Authors: Gabriel, Ryan (Author) ; Tolnay, Stewart (Author)
Format: Electronic Article
Language:English
Published: 2017
In: Sociological spectrum
Year: 2017, Volume: 37, Issue: 2, Pages: 77-96
Online Access: Volltext (lizenzpflichtig)
Check availability: HBZ Gateway

MARC

LEADER 00000caa a22000002c 4500
001 1912607751
003 DE-627
005 20250115055011.0
007 cr uuu---uuuuu
008 241217s2017 xx |||||o 00| ||eng c
024 7 |a 10.1080/02732173.2017.1287614  |2 doi 
035 |a (DE-627)1912607751 
035 |a (DE-599)KXP1912607751 
040 |a DE-627  |b ger  |c DE-627  |e rda 
041 |a eng 
084 |a 2,1  |2 ssgn 
100 1 |a Gabriel, Ryan  |e VerfasserIn  |4 aut 
245 1 4 |a The legacy of lynching? An empirical replication and conceptual extension 
264 1 |c 2017 
336 |a Text  |b txt  |2 rdacontent 
337 |a Computermedien  |b c  |2 rdamedia 
338 |a Online-Ressource  |b cr  |2 rdacarrier 
700 1 |a Tolnay, Stewart  |e VerfasserIn  |4 aut 
773 0 8 |i Enthalten in  |t Sociological spectrum  |d London [u.a.] : Taylor & Francis, 1981  |g 37(2017), 2, Seite 77-96  |h Online-Ressource  |w (DE-627)300590326  |w (DE-600)1482568-5  |w (DE-576)306828634  |x 1521-0707  |7 nnas 
773 1 8 |g volume:37  |g year:2017  |g number:2  |g pages:77-96 
787 0 8 |i Forschungsdaten  |a Fox, James Alan  |t Uniform Crime Reports (United States): Supplementary Homicide Reports, 1976-1999  |d [Erscheinungsort nicht ermittelbar] : [Verlag nicht ermittelbar], 2001  |w (DE-627)1840060638 
787 0 8 |i Forschungsdaten  |a Horan, Patrick M.  |t County Longitudinal Template, 1840-1990  |d [Erscheinungsort nicht ermittelbar] : [Verlag nicht ermittelbar], 1995  |w (DE-627)1902797876 
787 0 8 |i Forschungsdaten  |a White, Michael J.  |t Net Migration of the Population of the United States by Age, Race and Sex, 1970-1980  |d [Erscheinungsort nicht ermittelbar] : [Verlag nicht ermittelbar], 1988  |w (DE-627)190279981X 
787 0 8 |i Forschungsdaten  |a Clubb, Jerome M.  |t Electoral Data for Counties in the United States: Presidential and Congressional Races, 1840-1972  |d [Erscheinungsort nicht ermittelbar] : [Verlag nicht ermittelbar], 1987  |w (DE-627)1902799755 
787 0 8 |i Forschungsdaten  |a Bowles, Gladys K.;Tarver, James D.;Beale, Calvin L.;Lee, Everette S.  |t Net Migration of the Population by Age, Sex, and Race, 1950-1970 
856 4 0 |u https://doi.org/10.1080/02732173.2017.1287614  |x Resolving-System  |z lizenzpflichtig  |3 Volltext  |7 1 
935 |a mkri 
951 |a AR 
ELC |a 1 
LOK |0 000 xxxxxcx a22 zn 4500 
LOK |0 001 4637573270 
LOK |0 003 DE-627 
LOK |0 004 1912607751 
LOK |0 005 20241217044643 
LOK |0 008 241217||||||||||||||||ger||||||| 
LOK |0 035   |a (DE-2619)ICPSR168602 
LOK |0 040   |a DE-2619  |c DE-627  |d DE-2619 
LOK |0 092   |o n 
LOK |0 852   |a DE-2619 
LOK |0 852 1  |9 00 
LOK |0 935   |a nacp 
LOK |0 939   |a 17-12-24  |b l01 
ORI |a SA-MARC-krimdoka001.raw